00699nam a22002417a 4500003000200000005001700002008000200019010001300021020002200034035002300056037001600079040001500095082001300110245007400123246000600197260003500203270005300238300002600291500002000317650005000337650005000387700002000437020180801160358.00 aA-997651 a8172233248c00.00 aA-997651, A-997653 bCen Lib/Ret aDPLbENc0 a080bBES a100 best pre-independence speech, 1870-1947 /cedited by H. D. Sharma b  bHarperCollinsc1998aNew Delhi bNew Delhia7/16, Ansari Road, Darya Ganje110002 axiii,480p. c23cm(Hb) aIncludes index aIndia -- Politics and government -- 1857-1919 aIndia -- Politics and government -- 1919-1947 aSharma, H. D.